000 00986nam a2200265Ia 4500
003 OSt
005 20221005111259.0
006 a|||||r|||| 00| 0
007 ta
008 221004b |||||||| |||| 00| 0 hin d
020 _a9788181438829 (hbk)
_c200
024 _a98289
037 _b491, 18/03/2009, Vani Prakashan
_cTextual
040 _aCRL
_cCRL
_bhin
041 _2hin
_ahin
082 _aO152,1N:g, P8
100 _aठाकुर, खगेन्द्र
245 0 _aप्रगतिशील आंदोलन के इतिहास पुरूष
246 _aPragatishīl āandolan ke itihās purūṣha
260 _aनई दिल्ली
_bवाणी प्रकाशन भारत
_c2008
300 _a140पृ0
_ccm.
650 _aहिन्दी साहित्य
942 _hO152,1N:g, P8
_cTEXL
_2cc
999 _c1021363
_d1021363